000 00724nam a2200193Ia 4500
003 GCL
008 140319s9999 xx 000 0 ara d
040 _aGCL /
_cGCL
082 0 4 _a001.6424
_bم ح
100 1 _aمحمد الفيومى
245 1 0 _aالحاسبات الالكترونية وانظمة المعلومات - مقدمة لغة البيسك /
_cمحمد الفيومى
260 _a[S.N] :
_bكلية التجارة - جامعة الاسكندرية ،
_c1985
300 _a139 ص
490 _aسلسلة علم نفسك بنفسك
_v0
650 0 4 _aالحاسبات الالكترونية
650 0 4 _aالبرمجة
650 0 4 _aالحاسبات الالكترونية- لغات
942 _2ddc
_cBK
999 _c58535
_d58535